[Event "ICS rated blitz match"]
[Site "204.178.125.65"]
[Date "2000.04.17"]
[Round "?"]
[White "QueenMaxima"]
[Black "Hossa"]
[Result "1-0"]
[WhiteElo "2435"]
[BlackElo "2434"]
[PlyCount "113"]
[EventDate "2000.??.??"]

1. d4 Nf6 2. c4 Nc6 3. Nf3 e6 4. a3 d5 5. e3 dxc4 6. Bxc4 Bd6 7. Nc3 O-O 8. e4
e5 9. d5 Ne7 10. Qb3 c6 11. Bg5 Ng6 12. dxc6 bxc6 13. O-O Bg4 14. Nh4 Nxh4 15.
Bxh4 Be7 16. Qb7 Rb8 17. Qxa7 Rxb2 18. h3 Bc8 19. Rab1 Rc2 20. Rfd1 Nd7 21.
Bxe7 Qxe7 22. Rbc1 Rxc1 23. Rxc1 g6 24. Ne2 Qd6 25. a4 Qd2 26. a5 Nf6 27. Qc5
Nxe4 28. Qxe5 Nd6 29. Qd4 Nxc4 30. Qxc4 Bb7 31. Rb1 Ba8 32. Nc3 Qg5 33. a6 c5
34. Qf1 Rd8 35. a7 Qe5 36. Nb5 Bc6 37. Na3 Ra8 38. Qa6 Qd5 39. f3 Re8 40. Nc4
Qd4+ 41. Kh1 Ba8 42. Rb8 Rf8 43. Rxf8+ Kxf8 44. Qc8+ Kg7 45. Qxa8 Qxc4 46. Qb8
Qc1+ 47. Kh2 Qa1 48. a8=Q Qxa8 49. Qxa8 h5 50. Qd8 f5 51. Qe7+ Kh6 52. Qf7 h4
53. f4 c4 54. Qg8 g5 55. fxg5+ Kh5 56. Qg7 c3 57. Qh6# {Hossa checkmated} 1-0

[Event "ICS rated blitz match"]
[Site "204.178.125.65"]
[Date "2000.04.17"]
[Round "?"]
[White "alta2"]
[Black "Hossa"]
[Result "1-0"]
[WhiteElo "2542"]
[BlackElo "2418"]
[PlyCount "115"]
[EventDate "2000.??.??"]

1. e4 Nc6 2. Nf3 e5 3. Bb5 a6 4. Bxc6 dxc6 5. d4 exd4 6. Qxd4 Qxd4 7. Nxd4 Nf6
8. O-O Bc5 9. Nb3 Nxe4 10. Nxc5 Nxc5 11. Re1+ Be6 12. Nc3 O-O-O 13. Bg5 f6 14.
Be3 Nd7 15. Bh6 Bf5 16. Bxg7 Rhg8 17. Bh6 Ne5 18. Re2 Nf3+ 19. Kh1 Nd4 20. Re7
Nxc2 21. Rg1 Nb4 22. Rge1 Nd5 23. Nxd5 cxd5 24. Bf4 Rd7 25. Re8+ Rxe8 26. Rxe8+
Rd8 27. Re7 Bd7 28. Rxh7 Re8 29. h4 Kd8 30. h5 Re2 31. h6 Re4 32. Rh8+ Be8 33.
Rg8 Re7 34. Rf8 Rh7 35. Rxf6 d4 36. g4 Bf7 37. g5 Bd5+ 38. Kg1 Re7 39. Rf8+ Kd7
40. f3 d3 41. g6 Re1+ 42. Kg2 d2 43. Bxd2 Re2+ 44. Kg3 Re5 45. h7 Rh5 46. Rf4
Rh1 47. Rh4 Rg1+ 48. Kf2 Rxg6 49. h8=Q Bf7 50. Rh7 Re6 51. Qd4+ Rd6 52. Rxf7+
Ke6 53. Qf6+ Kd5 54. Qf5+ Kc6 55. Qc2+ Kb6 56. Qxc7+ Kb5 57. a4+ Kxa4 58. Qc4#
{Hossa checkmated} 1-0

[Event "ICS rated standard match"]
[Site "204.178.125.65"]
[Date "2000.04.17"]
[Round "?"]
[White "Hossa"]
[Black "newcastle"]
[Result "0-1"]
[WhiteElo "2308"]
[BlackElo "2157"]
[PlyCount "130"]
[EventDate "2000.??.??"]

1. e4 c5 2. Nf3 Nc6 3. d4 cxd4 4. Nxd4 e5 5. Nb5 d6 6. N1c3 a6 7. Na3 b5 8. Nd5
Nge7 9. c4 Nd4 10. cxb5 Nxd5 11. exd5 Qh4 12. bxa6 Be7 13. Be3 Bxa6 14. Bxa6
Rxa6 15. Bxd4 exd4 16. O-O O-O 17. g3 Qf6 18. Nb5 d3 19. Qxd3 Qxb2 20. Rfb1 Qf6
21. Nd4 Rfa8 22. Nc6 Ra3 23. Qf5 g6 24. Qc2 Bf8 25. f4 Bg7 26. Rd1 Qxa1 27.
Rxa1 Bxa1 28. Qc4 Rxa2 29. Qb4 Bg7 30. Qb7 Re8 31. Qb4 Ree2 32. Kf1 Reb2 33.
Qe1 Rxh2 34. Qe8+ Bf8 35. Kg1 Rhb2 36. Ne7+ Kg7 37. Nf5+ gxf5 38. Qe1 Rg2+ 39.
Kf1 Raf2+ 40. Qxf2 Rxf2+ 41. Kxf2 Be7 42. Kf3 Bd8 43. Ke2 Bb6 44. Kf3 Kf6 45.
g4 fxg4+ 46. Kxg4 Bd4 47. Kg3 Kf5 48. Kf3 Bb2 49. Ke3 Bc1+ 50. Kf3 Bxf4 51. Kf2
Ke5 52. Kf1 Kxd5 53. Kf2 Ke4 54. Ke2 d5 55. Kd1 Ke3 56. Kc2 Ke2 57. Kb3 d4 58.
Kc4 d3 59. Kd4 d2 60. Kc3 d1=Q 61. Kb4 Bd6+ 62. Ka5 Qb3 63. Ka6 Bc5 64. Ka5
Qb4+ 65. Ka6 Qb6# {Hossa checkmated} 0-1

[Event "ICS rated blitz match"]
[Site "204.178.125.65"]
[Date "2000.04.17"]
[Round "?"]
[White "Hossa"]
[Black "Tejas"]
[Result "1-0"]
[WhiteElo "2410"]
[BlackElo "2217"]
[PlyCount "69"]
[EventDate "2000.??.??"]

1. e4 c5 2. Nf3 d6 3. d4 cxd4 4. Nxd4 Nf6 5. Nc3 Nc6 6. Be3 e5 7. Nb3 Be7 8.
Bd3 O-O 9. a3 Be6 10. Nd5 a6 11. c4 Qd7 12. Nb6 Qc7 13. Nxa8 Rxa8 14. O-O Ng4
15. Bd2 Bf8 16. Bg5 h6 17. Bh4 g5 18. Bg3 Ne7 19. Qe2 Ng6 20. Rad1 h5 21. h3
Nf6 22. Qd2 Bh6 23. Bh2 Nf4 24. Bxf4 gxf4 25. Kh1 Kh7 26. Qe2 Rg8 27. Nd4 Bc8
28. Nf3 Qd7 29. Rg1 b6 30. Bb1 Qe8 31. Rxd6 Be6 32. Rxb6 Qc8 33. Nxe5 Bxh3 34.
Rxf6 Bg5 35. Qxh5+ {Tejas resigns} 1-0

[Event "ICS rated blitz match"]
[Site "204.178.125.65"]
[Date "2000.04.17"]
[Round "?"]
[White "Hossa"]
[Black "LittleOne"]
[Result "1-0"]
[WhiteElo "2418"]
[BlackElo "2116"]
[PlyCount "63"]
[EventDate "2000.??.??"]

1. e4 c5 2. Nf3 d6 3. d4 cxd4 4. Nxd4 Nf6 5. Nc3 a6 6. Bg5 e6 7. f4 Nbd7 8. Qf3
Qc7 9. O-O-O Be7 10. Kb1 h6 11. Bxf6 Nxf6 12. Bd3 Bd7 13. Rhe1 Qb6 14. Bf1 Rc8
15. e5 dxe5 16. fxe5 Rxc3 17. Qxc3 Nd5 18. Qg3 O-O 19. c4 Nb4 20. Nf5 exf5 21.
Rxd7 Nc6 22. e6 fxe6 23. Rxe6 Qc5 24. Qe1 Bf6 25. Re8 Nd4 26. Rxb7 a5 27. Rbb8
Rxe8 28. Rxe8+ Kh7 29. g3 a4 30. Ra8 Qc6 31. Rf8 Qb6 32. Qe8 {LittleOne resigns
} 1-0

[Event "ICS rated blitz match"]
[Site "204.178.125.65"]
[Date "2000.04.17"]
[Round "?"]
[White "hai"]
[Black "Hossa"]
[Result "0-1"]
[WhiteElo "2211"]
[BlackElo "2423"]
[PlyCount "74"]
[EventDate "2000.??.??"]

1. e4 e5 2. Nf3 Nc6 3. g3 Bc5 4. Bg2 Nf6 5. d3 d5 6. exd5 Nxd5 7. O-O O-O 8.
Nc3 Nxc3 9. bxc3 Bg4 10. Be3 Bb6 11. Qe2 Qd6 12. h3 Bh5 13. Bxb6 axb6 14. Qe3
Ra3 15. c4 Bxf3 16. Bxf3 Nd4 17. Rfc1 Rc3 18. Bd1 Rd8 19. Kg2 f5 20. f3 Ra3 21.
c3 Nc6 22. Be2 f4 23. gxf4 exf4 24. Qf2 Qg6+ 25. Kh2 Re8 26. Rg1 Qe6 27. Bf1
Rxc3 28. Qg2 Qf6 29. Rd1 Nd4 30. Rd2 Re3 31. Be2 Qe5 32. Re1 Rc2 33. Rxc2 Nxc2
34. Kh1 Nxe1 35. Qf1 Rxe2 36. d4 Qe3 37. d5 Qxf3+ {hai resigns} 0-1

[Event "ICS rated blitz match"]
[Site "204.178.125.65"]
[Date "2000.04.17"]
[Round "?"]
[White "Hossa"]
[Black "hai"]
[Result "1-0"]
[WhiteElo "2430"]
[BlackElo "2204"]
[PlyCount "57"]
[EventDate "2000.??.??"]

1. e4 c5 2. Nf3 e6 3. d4 cxd4 4. Nxd4 a6 5. Nc3 Qc7 6. Be2 b5 7. O-O Bb7 8. Bf3
d6 9. a4 b4 10. Na2 a5 11. Nb5 Qd8 12. c3 bxc3 13. Naxc3 Nc6 14. Bf4 Nf6 15.
Bxd6 Rc8 16. e5 Nd7 17. Bxf8 Kxf8 18. Nd6 Rb8 19. Nxb7 Rxb7 20. Bxc6 Rc7 21.
Qd6+ Kg8 22. Rfd1 g6 23. Nb5 Rxc6 24. Qxc6 Kg7 25. Rxd7 Qc8 26. Qxe6 Re8 27.
Qxf7+ Kh6 28. Qf4+ Kh5 29. Rxh7# {hai checkmated} 1-0

[Event "ICS rated blitz match"]
[Site "204.178.125.65"]
[Date "2000.04.17"]
[Round "?"]
[White "hai"]
[Black "Hossa"]
[Result "0-1"]
[WhiteElo "2197"]
[BlackElo "2437"]
[PlyCount "62"]
[EventDate "2000.??.??"]

1. e4 e5 2. Nf3 Nc6 3. d4 exd4 4. Nxd4 Nf6 5. Nc3 Bb4 6. Nxc6 bxc6 7. Bd3 Bxc3+
8. bxc3 d5 9. exd5 Qe7+ 10. Qe2 Qxe2+ 11. Kxe2 cxd5 12. Ba3 Kd8 13. Kd2 Re8 14.
Rhe1 Ne4+ 15. Bxe4 Rxe4 16. Rxe4 dxe4 17. Ke3 f5 18. Rd1+ Ke8 19. f3 exf3 20.
Kxf3 Be6 21. Re1 Kf7 22. Rb1 Bxa2 23. Ra1 Bd5+ 24. Kg3 g5 25. Bc5 a5 26. h3 Kg6
27. Ra4 Be4 28. Bb4 axb4 29. Rxb4 Ra2 30. Rc4 Rxc2 31. Rxc7 Rxg2# {
hai checkmated} 0-1

[Event "ICS rated blitz match"]
[Site "204.178.125.65"]
[Date "2000.04.17"]
[Round "?"]
[White "Hossa"]
[Black "hai"]
[Result "1-0"]
[WhiteElo "2443"]
[BlackElo "2191"]
[PlyCount "41"]
[EventDate "2000.??.??"]

1. e4 d6 2. d4 Nf6 3. Nc3 g6 4. f4 Bg7 5. Nf3 O-O 6. Bd3 Nbd7 7. O-O c6 8. e5
Ne8 9. Be3 c5 10. exd6 exd6 11. f5 cxd4 12. Nxd4 Nc5 13. fxg6 hxg6 14. Qe2 Qh4
15. Rf4 Qe7 16. Nd5 Qe5 17. Bc4 Be6 18. Ne7+ Kh7 19. Rh4+ Bh6 20. Bxh6 Qxe2 21.
Bxe2 {hai resigns} 1-0

[Event "ICS rated blitz match"]
[Site "204.178.125.65"]
[Date "2000.04.17"]
[Round "?"]
[White "hai"]
[Black "Hossa"]
[Result "0-1"]
[WhiteElo "2185"]
[BlackElo "2449"]
[PlyCount "108"]
[EventDate "2000.??.??"]

1. d4 Nf6 2. Nf3 g6 3. Bf4 Bg7 4. e3 O-O 5. Be2 d5 6. h3 c5 7. c3 Nc6 8. O-O
Nh5 9. Bh2 cxd4 10. exd4 Nf6 11. Nbd2 Bf5 12. Re1 Rc8 13. Qb3 Qd7 14. Ne5 Nxe5
15. dxe5 Ne4 16. Nxe4 Bxe4 17. Rad1 Rc5 18. c4 dxc4 19. Bxc4 Qc6 20. Bf1 Bc2
21. Qe3 Bxd1 22. Rxd1 Ra5 23. a3 Qc2 24. Qd2 Qxd2 25. Rxd2 Bxe5 26. Bxe5 Rxe5
27. Rd7 Rb8 28. f4 Re3 29. Kf2 Rb3 30. Rd2 Rc8 31. Be2 h5 32. Bf3 h4 33. Be2
Rc6 34. Bf3 Rcb6 35. Bd5 Rxb2 36. Ke2 Rxd2+ 37. Kxd2 Rd6 38. Ke3 Rxd5 39. Ke2
Ra5 40. Kf2 Rxa3 41. Ke2 Kg7 42. Kf2 Kf6 43. Ke2 Kf5 44. Kf2 Kxf4 45. Ke2 Kg3
46. Kd2 Kxg2 47. Ke2 Rxh3 48. Kd2 Kf1 49. Kc2 Ke2 50. Kb2 Kd2 51. Kb1 Kd1 52.
Kb2 Rg3 53. Ka2 Kc2 54. Ka1 Ra3# {hai checkmated} 0-1

[Event "ICS rated blitz match"]
[Site "204.178.125.65"]
[Date "2000.04.17"]
[Round "?"]
[White "Hossa"]
[Black "hai"]
[Result "1-0"]
[WhiteElo "2455"]
[BlackElo "2179"]
[PlyCount "89"]
[EventDate "2000.??.??"]

1. e4 c5 2. Nf3 Nc6 3. d4 cxd4 4. Nxd4 Qb6 5. Nb3 e6 6. Bd3 Nf6 7. O-O Be7 8.
Be3 Qc7 9. Nc3 a6 10. Na4 b5 11. Nb6 Rb8 12. Nxc8 Rxc8 13. a4 Rb8 14. axb5 axb5
15. Qe2 b4 16. f4 O-O 17. Ra6 d5 18. e5 Nd7 19. Rfa1 Qb7 20. Na5 Nxa5 21. Ra7
Qc6 22. R1xa5 Bd8 23. Bb5 Qc8 24. Bxd7 Bxa5 25. Bxc8 Rfxc8 26. Rxa5 Rc4 27. b3
Rc3 28. Bc5 h6 29. Bd6 Rbc8 30. Ra2 R3c6 31. Bxb4 Kh8 32. Bd6 Kg8 33. b4 Kh8
34. Bc5 Kg8 35. h4 Kh8 36. g4 Kg8 37. h5 Kh8 38. Ra6 Kg8 39. Rxc6 Rxc6 40. Qb5
Rc8 41. Qb7 Rd8 42. f5 Re8 43. fxe6 fxe6 44. Qc6 Rf8 45. Qxe6+ {hai resigns}
1-0

[Event "ICS rated blitz match"]
[Site "204.178.125.65"]
[Date "2000.04.17"]
[Round "?"]
[White "hai"]
[Black "Hossa"]
[Result "0-1"]
[WhiteElo "2174"]
[BlackElo "2460"]
[PlyCount "82"]
[EventDate "2000.??.??"]

1. e4 g6 2. Nf3 Bg7 3. d4 d6 4. Nc3 Nf6 5. Be2 Nbd7 6. h3 O-O 7. g4 e5 8. dxe5
Nxe5 9. Nxe5 dxe5 10. Qxd8 Rxd8 11. Bg5 h6 12. Bh4 c6 13. Rd1 Rxd1+ 14. Bxd1
Be6 15. O-O Rd8 16. Be2 Rd4 17. Bd3 h5 18. Bg3 Nd7 19. gxh5 Bxh3 20. Rd1 gxh5
21. Ne2 Rd6 22. Nc3 Bg4 23. Re1 Rg6 24. Kh2 Bf6 25. f4 h4 26. Bf2 exf4 27. e5
Nxe5 28. Bxg6 Nf3+ 29. Kh1 Nxe1 30. Bxf7+ Kxf7 31. Bxe1 Kg6 32. Kg2 h3+ 33. Kh2
Be5 34. Ne4 Kf5 35. Nf2 f3+ 36. Kg1 h2+ 37. Kh1 Bg3 38. Nxg4 Kxg4 39. Bd2 f2
40. Kg2 h1=Q+ 41. Kxh1 f1=Q# {hai checkmated} 0-1

[Event "ICS rated blitz match"]
[Site "204.178.125.65"]
[Date "2000.04.17"]
[Round "?"]
[White "GreatPatzer"]
[Black "Hossa"]
[Result "0-1"]
[WhiteElo "2179"]
[BlackElo "2465"]
[PlyCount "80"]
[EventDate "2000.??.??"]

1. f4 d5 2. g3 Nf6 3. Bg2 Bf5 4. b3 Nc6 5. Bb2 e6 6. Nf3 d4 7. O-O Bc5 8. Kh1
O-O 9. Na3 Be4 10. Nc4 Ng4 11. h3 Nf6 12. Kh2 Bd5 13. Nce5 Ne4 14. c4 dxc3 15.
dxc3 Bf2 16. c4 Bxg3+ 17. Kg1 Bxf4 18. cxd5 Be3+ 19. Kh2 exd5 20. Qe1 Qd6 21.
Kh1 Rfe8 22. Rd1 Nxe5 23. Nxe5 Rxe5 24. Bxe5 Qxe5 25. Rf3 d4 26. Qh4 Nd2 27.
Rg3 c6 28. Rg4 f5 29. Rg3 g6 30. Bf3 Re8 31. Rg2 Qa5 32. Qf6 Rf8 33. Rxg6+ hxg6
34. Qxg6+ Kh8 35. Rg1 Qc7 36. Rg2 Nxf3 37. exf3 Qe7 38. h4 Bf4 39. h5 Qh4+ 40.
Kg1 Qe1# 0-1

[Event "ICS rated standard match"]
[Site "204.178.125.65"]
[Date "2000.04.17"]
[Round "?"]
[White "escadra"]
[Black "Hossa"]
[Result "0-1"]
[WhiteElo "2031"]
[BlackElo "2285"]
[PlyCount "90"]
[EventDate "2000.??.??"]

1. e4 g6 2. d4 d6 3. Nc3 Nf6 4. Nf3 Bg7 5. Be2 Nbd7 6. O-O O-O 7. e5 dxe5 8.
dxe5 Ng4 9. e6 Nde5 10. exf7+ Nxf7 11. Qxd8 Rxd8 12. Bc4 Bxc3 13. bxc3 e6 14.
Bg5 Re8 15. h3 Nxg5 16. Nxg5 Ne5 17. Bb3 Nf7 18. Nxf7 Kxf7 19. Rad1 a5 20. a4
Ra6 21. Rfe1 Rd6 22. Rd4 Red8 23. Red1 b6 24. f3 Bb7 25. Kf2 Bc6 26. Ke3 b5 27.
Ra1 Ra8 28. axb5 Bxb5 29. Ba4 Bxa4 30. Raxa4 Ra7 31. Ke4 g5 32. c4 Kf6 33. c3
h5 34. g4 hxg4 35. hxg4 Rb6 36. Rd8 Rb3 37. Rf8+ Kg7 38. Rd8 Rxc3 39. f4 Rg3
40. fxg5 Rxg4+ 41. Ke5 Rxg5+ 42. Kxe6 Ra6+ 43. Kd7 Rc5 44. Rc8 Rd6+ 45. Ke7
Re5# {escadra checkmated} 0-1

[Event "ICS rated blitz match"]
[Site "204.178.125.65"]
[Date "2000.04.17"]
[Round "?"]
[White "Hossa"]
[Black "QueenMaxima"]
[Result "0-1"]
[WhiteElo "2470"]
[BlackElo "2445"]
[PlyCount "102"]
[EventDate "2000.??.??"]

1. e4 c5 2. Nf3 d6 3. d4 cxd4 4. Nxd4 Nf6 5. Nc3 g6 6. Be3 Bg7 7. f3 O-O 8. Qd2
Nc6 9. Bc4 Bd7 10. O-O-O Qb8 11. Nxc6 Bxc6 12. Bh6 Qc7 13. Bb3 Qa5 14. Bxg7
Kxg7 15. g4 h6 16. h4 Rh8 17. g5 hxg5 18. hxg5 Nd7 19. Kb1 Rh5 20. Rxh5 gxh5
21. Qf4 Ne5 22. Ne2 Rh8 23. Nd4 Bd7 24. Bd5 Qc7 25. Nf5+ Kf8 26. Nh6 Rh7 27.
Rh1 h4 28. Qxh4 e6 29. Bb3 Nxf3 30. Qf2 Nxg5 31. Qxa7 Nxe4 32. Qe3 f5 33. Rh2
Qc5 34. Qe1 f4 35. c3 Rg7 36. Rh1 Qe3 37. Qd1 f3 38. Ka1 Nd2 39. Nf5 exf5 40.
Re1 Qf4 41. Qc1 Nxb3+ 42. axb3 Qxc1+ 43. Rxc1 f2 44. Kb1 Rg1 45. Kc2 Rxc1+ 46.
Kxc1 f1=Q+ 47. Kd2 Qf2+ 48. Kd1 Bc6 49. c4 Bf3+ 50. Kc1 Qe1+ 51. Kc2 Be4# {
Hossa checkmated} 0-1

[Event "ICS rated standard match"]
[Site "204.178.125.65"]
[Date "2000.04.17"]
[Round "?"]
[White "Hossa"]
[Black "etamkcehc"]
[Result "1-0"]
[WhiteElo "2291"]
[BlackElo "2249"]
[PlyCount "29"]
[EventDate "2000.??.??"]

1. e4 e5 2. Nf3 Nc6 3. Nc3 Nf6 4. Nxe5 Nxe5 5. d4 Nc6 6. d5 Ne5 7. f4 Ng6 8. e5
Ng8 9. d6 a6 10. h4 cxd6 11. exd6 Qf6 12. Qe2+ Kd8 13. Nd5 Qxd6 14. Be3 Qxd5
15. Bb6# 1-0

[Event "ICS rated blitz match"]
[Site "204.178.125.65"]
[Date "2000.04.17"]
[Round "?"]
[White "Hossa"]
[Black "QueenMaxima"]
[Result "0-1"]
[WhiteElo "2453"]
[BlackElo "2462"]
[PlyCount "118"]
[EventDate "2000.??.??"]

1. e4 c5 2. Nf3 d6 3. d4 cxd4 4. Nxd4 Nf6 5. Nc3 Nc6 6. Be3 e6 7. Bb5 Bd7 8.
Ba4 Be7 9. Ndb5 Qa5 10. O-O O-O 11. Nxd6 Qb4 12. Ndb5 a6 13. a3 Qa5 14. Nd6 b5
15. Bb3 Qc7 16. Bc5 h6 17. Ba2 e5 18. Nd5 Nxd5 19. Bxd5 Rad8 20. a4 bxa4 21.
Rxa4 Be6 22. Rxa6 Nb8 23. Nxf7 Bxf7 24. Bb6 Qd6 25. Bxd8 Nxa6 26. Bxf7+ Rxf7
27. Bxe7 Qxd1 28. Rxd1 Rxe7 29. c3 Nc5 30. f3 Na4 31. Rd8+ Kh7 32. Rb8 Rd7 33.
Rb4 Rd1+ 34. Kf2 Ra1 35. Ke3 Ra2 36. Kd3 Nxb2+ 37. Kc2 Na4+ 38. Kb3 Rxg2 39.
Rxa4 Rxh2 40. Ra5 Rf2 41. Rxe5 Rxf3 42. Kc4 g5 43. Kd4 g4 44. c4 g3 45. Rb5 g2
46. Rb1 Rf1 47. Rb7+ Kg6 48. Rb6+ Kg5 49. Rb5+ Kg4 50. Kd5 g1=Q 51. e5 Rf4 52.
Rc5 Qd4+ 53. Kc6 Rf8 54. Rd5 Qxc4+ 55. Kd6 Rd8+ 56. Ke7 Qxd5 57. e6 Kf5 58. Kf7
Qxe6+ 59. Kg7 Qg6# {Hossa checkmated} 0-1

[Event "ICS rated blitz match"]
[Site "204.178.125.65"]
[Date "2000.04.17"]
[Round "?"]
[White "QueenMaxima"]
[Black "Hossa"]
[Result "1-0"]
[WhiteElo "2479"]
[BlackElo "2437"]
[PlyCount "91"]
[EventDate "2000.??.??"]

1. d4 Nf6 2. c4 e6 3. Nf3 c5 4. d5 d6 5. Nc3 exd5 6. cxd5 Bf5 7. e4 Qe7 8. Bd3
Nbd7 9. O-O Bg4 10. Bf4 h6 11. Nb5 Qd8 12. Bxd6 Bxd6 13. Nxd6+ Kf8 14. Nc4 h5
15. h3 Bxf3 16. Qxf3 b5 17. Nd2 c4 18. Bc2 Rh6 19. a4 Qe7 20. axb5 Nb6 21. Qa3
Nfd7 22. Qxe7+ Kxe7 23. Ra5 Ne5 24. Rfa1 Nc8 25. R1a4 Kd8 26. Nxc4 Nd7 27. Ra3
Rb8 28. Rg3 g6 29. d6 h4 30. Rf3 f6 31. b3 Rb7 32. Rf4 Ke8 33. Bd1 g5 34. Rf5
Rb8 35. Ra6 Kd8 36. Be2 Ke8 37. Bg4 Kd8 38. e5 Rxb5 39. e6 Rxb3 40. exd7 Rb1+
41. Kh2 Nb6 42. Rxa7 Rh1+ 43. Kxh1 Nxc4 44. Rxf6 Nxd6 45. Rf8+ Ke7 46. d8=Q# {
Hossa checkmated} 1-0

[Event "ICS Rated standard match"]
[Site "204.178.125.65"]
[Date "2000.04.17"]
[Round "?"]
[White "QueenMaxima"]
[Black "Hossa"]
[Result "1-0"]
[WhiteElo "2313"]
[BlackElo "2305"]
[PlyCount "135"]
[EventDate "2000.??.??"]

1. d4 Nf6 2. c4 e6 3. Nf3 d5 4. Nc3 Be7 5. Bg5 h6 6. Bh4 O-O 7. e3 Ne4 8. Bxe7
Qxe7 9. Qb3 Nxc3 10. Qxc3 Nc6 11. c5 Bd7 12. Be2 a5 13. O-O f6 14. Rfe1 Rfd8
15. Bb5 Nb4 16. Bf1 Be8 17. a3 Nc6 18. b4 Qd7 19. Qb2 axb4 20. axb4 Bg6 21. b5
Ne7 22. b6 cxb6 23. Qxb6 Nc6 24. Qb2 Bh5 25. Nd2 Rxa1 26. Rxa1 e5 27. Nb3 Rc8
28. Bb5 Qe7 29. Qc2 Re8 30. Qc1 Bf7 31. Ra2 Bg6 32. Kh1 Bf5 33. Qd2 Qf7 34. Qb2
g6 35. Kg1 Qe7 36. h3 exd4 37. Bxc6 bxc6 38. Nxd4 Qxc5 39. Nxf5 gxf5 40. Qxf6
d4 41. Qg6+ Kf8 42. Qxh6+ Kf7 43. exd4 Qb4 44. Qh5+ Kf6 45. Qxe8 Qb1+ 46. Kh2
Qxa2 47. Qxc6+ Kf7 48. Qf3 Ke6 49. g4 fxg4 50. hxg4 Kd7 51. Qe3 Qb1 52. f4 Kc8
53. f5 Kc7 54. f6 Qf1 55. Qe7+ Kc6 56. f7 Qf4+ 57. Kh3 Qf1+ 58. Kh4 Kb5 59.
f8=Q Qh1+ 60. Kg5 Qd5+ 61. Qf5 Qxf5+ 62. Kxf5 Kc4 63. Ke4 Kc3 64. Qc5+ Kb3 65.
Kd3 Ka4 66. Qb6 Ka3 67. Kc3 Ka4 68. Qa6# {Hossa checkmated} 1-0

[Event "ICS Rated blitz match"]
[Site "204.178.125.65"]
[Date "2000.04.17"]
[Round "?"]
[White "RedBear"]
[Black "Hossa"]
[Result "1/2-1/2"]
[WhiteElo "2517"]
[BlackElo "2412"]
[PlyCount "226"]
[EventDate "2000.??.??"]

1. e4 e5 2. Nf3 Nc6 3. Bb5 a6 4. Ba4 Nf6 5. O-O Be7 6. Re1 b5 7. Bb3 d6 8. c3
O-O 9. h3 Bb7 10. d4 Re8 11. Nbd2 Bf8 12. a4 h6 13. Bc2 exd4 14. cxd4 Nb4 15.
Bb1 c5 16. d5 Nd7 17. Ra3 f5 18. Rae3 Nf6 19. Nh2 Qd7 20. exf5 Rxe3 21. fxe3
Bxd5 22. Ng4 Be7 23. e4 Bf7 24. Nf3 Nxg4 25. hxg4 bxa4 26. Ne5 Qe8 27. Nxf7
Qxf7 28. Qxa4 Bf6 29. Bf4 Bd4+ 30. Kh1 Qf6 31. Qb3+ d5 32. Bg3 Be5 33. Rd1 Bxg3
34. Qxg3 Qxb2 35. exd5 Nxd5 36. Be4 Nc3 37. Bxa8 Nxd1 38. Qe1 Qb3 39. Qe8+ Kh7
40. f6 gxf6 41. Be4+ Kg7 42. Qd7+ Qf7 43. Qxd1 Qe6 44. Bf5 Qe8 45. Qd2 Qe7 46.
Bd3 Qd6 47. Qe2 a5 48. Qe4 Kf8 49. Qa8+ Ke7 50. Qa7+ Ke6 51. Bf5+ Ke5 52. Qxa5
Qd4 53. Qc7+ Kd5 54. Qf7+ Kc6 55. Qe8+ Kb6 56. Qb8+ Ka5 57. Qb1 c4 58. Kh2 c3
59. Bd3 Ka4 60. Kh3 Ka3 61. Bc2 Qc4 62. Qa1+ Kb4 63. Qa4+ Kc5 64. Qa3+ Qb4 65.
Qa7+ Qb6 66. Qa1 Qb2 67. Qa5+ Kc4 68. Qf5 Qb6 69. Qf1+ Kd5 70. Qf3+ Kc4 71.
Qe2+ Kb4 72. Qe4+ Ka3 73. Qd3 Kb2 74. Qe2 Qc5 75. g3 Qb6 76. Bd3+ Ka3 77. Qe1
Qc6 78. Be4 Qc5 79. Bc2 Qc6 80. Kh2 Kb4 81. Qe7+ Kc4 82. Qe2+ Kb4 83. Qd1 Kc4
84. Qd3+ Kb4 85. Qd4+ Ka3 86. Qd1 Qb5 87. Qa1+ Kb4 88. Qb1+ Ka5 89. Qa2+ Kb6
90. Qe6+ Ka5 91. Kg2 Qb7+ 92. Kf2 Qb2 93. Qf5+ Kb4 94. Kf3 Qa1 95. Qf4+ Ka3 96.
Qa4+ Kb2 97. Qxa1+ Kxa1 98. Ke4 Ka2 99. Kd4 Kb2 100. Kd3 Ka3 101. Kxc3 Ka2 102.
g5 fxg5 103. g4 Ka3 104. Bb3 h5 105. gxh5 g4 106. h6 g3 107. h7 g2 108. h8=Q
g1=B 109. Qf8+ Bc5 110. Qa8+ Ba7 111. Qf8+ Bc5 112. Qa8+ Ba7 113. Qf8+ Bc5
1/2-1/2

[Event "ICS rated blitz match"]
[Site "204.178.125.65"]
[Date "2000.04.18"]
[Round "?"]
[White "PostModernist"]
[Black "Hossa"]
[Result "1-0"]
[WhiteElo "2590"]
[BlackElo "2438"]
[PlyCount "185"]
[EventDate "2000.??.??"]

1. e4 g6 2. d4 d6 3. Nf3 Nf6 4. Nc3 Bg7 5. Be3 O-O 6. h3 e6 7. Qd2 Nc6 8. Bh6
Bxh6 9. Qxh6 Kh8 10. O-O-O Ng8 11. Qe3 f5 12. e5 Bd7 13. Bc4 d5 14. Bb5 f4 15.
Qe2 a6 16. Bxc6 Bxc6 17. h4 Bb5 18. Nxb5 axb5 19. Qxb5 Rxa2 20. Qxb7 Qe7 21. h5
g5 22. Kd2 Raa8 23. Qc6 Rfb8 24. b3 g4 25. Nh4 Nh6 26. Qc3 Ra2 27. Ra1 Rba8 28.
Rxa2 Rxa2 29. Kd3 Qd8 30. g3 fxg3 31. fxg3 Qc8 32. Qc5 Ng8 33. Ke3 c6 34. Rf1
Qe8 35. Rf8 Qxh5 36. Qxc6 Qh6+ 37. Rf4 Ra1 38. Ke2 Rg1 39. Rxg4 Qf8 40. Ke3 Nh6
41. Qxe6 Nxg4+ 42. Qxg4 Re1+ 43. Kd3 Rf1 44. Ng2 Qb8 45. Ke2 Rf8 46. Qd7 Qc8
47. Qxc8 Rxc8 48. Ne3 Rc3 49. Kd2 Rc6 50. Nxd5 Rg6 51. Nf6 Rxg3 52. d5 Rg2+ 53.
Kd3 Kg7 54. d6 Kf7 55. Nxh7 Ke6 56. Nf6 Rh2 57. d7 Ke7 58. e6 Rh8 59. Ne8 Rh3+
60. Kc4 Re3 61. Ng7 Re5 62. Kd4 Rg5 63. Ne8 Rg2 64. Nc7 Rd2+ 65. Kc5 Rd6 66. b4
Kd8 67. c3 Rd2 68. Nb5 Rh2 69. Kb6 Ke7 70. Nd4 Rh8 71. c4 Rg8 72. Kc7 Ra8 73.
d8=Q+ Rxd8 74. Nc6+ Kxe6 75. Nxd8+ Kf5 76. b5 Ke5 77. Nf7+ Kd4 78. Nd6 Kd3 79.
b6 Ke2 80. b7 Kf3 81. b8=Q Ke2 82. Qb3 Kf1 83. Qe3 Kg2 84. Ne4 Kh1 85. Qe1+ Kg2
86. c5 Kf3 87. Kd6 Kf4 88. Qe2 Kf5 89. Qf3+ Kg6 90. Qf6+ Kh7 91. Ng5+ Kg8 92.
Qf7+ Kh8 93. Qf8# {Hossa checkmated} 1-0

[Event "ICS rated blitz match"]
[Site "204.178.125.65"]
[Date "2000.04.18"]
[Round "?"]
[White "Hossa"]
[Black "PostModernist"]
[Result "1/2-1/2"]
[WhiteElo "2429"]
[BlackElo "2599"]
[PlyCount "106"]
[EventDate "2000.??.??"]

1. e4 c6 2. d4 d5 3. Nc3 dxe4 4. Nxe4 Bf5 5. Ng3 Bg6 6. h4 h6 7. Nf3 Nd7 8. h5
Bh7 9. Bd3 Bxd3 10. Qxd3 Qc7 11. Bd2 e6 12. O-O-O Ngf6 13. Ne4 O-O-O 14. g3
Nxe4 15. Qxe4 Bd6 16. c4 c5 17. d5 Rhe8 18. Bc3 exd5 19. Qxd5 Ne5 20. Rhe1 Be7
21. Qe4 Nxf3 22. Qxf3 Bg5+ 23. Kb1 Rxe1 24. Rxe1 g6 25. Qe4 Rg8 26. hxg6 Rxg6
27. Qf5+ Re6 28. Rxe6 fxe6 29. Qxe6+ Qd7 30. Qg8+ Bd8 31. Qd5 Be7 32. f4 Qh3
33. Qe5 Kd7 34. Qe4 Qxg3 35. Qxb7+ Ke8 36. Qc8+ Kf7 37. Qf5+ Ke8 38. Qh5+ Kd7
39. Qd5+ Ke8 40. Qc6+ Kf7 41. Qxh6 Qd3+ 42. Kc1 Qxc4 43. Qh5+ Kf8 44. Qf5+ Ke8
45. a3 Bd6 46. Qc8+ Ke7 47. f5 Bf4+ 48. Kb1 Qf1+ 49. Ka2 Qc4+ 50. Ka1 Qf1+ 51.
Ka2 Qc4+ 52. Ka1 Qf1+ 53. Ka2 Qc4+ 1/2-1/2

[Event "ICS rated blitz match"]
[Site "204.178.125.65"]
[Date "2000.04.18"]
[Round "?"]
[White "QueenMaxima"]
[Black "Hossa"]
[Result "0-1"]
[WhiteElo "2497"]
[BlackElo "2462"]
[PlyCount "154"]
[EventDate "2000.??.??"]

1. d4 d5 2. c4 dxc4 3. Nf3 Nf6 4. Nc3 a6 5. e4 b5 6. e5 Nd5 7. Ng5 e6 8. Qh5 g6
9. Qf3 Qd7 10. Be2 Nc6 11. Be3 Bg7 12. O-O Ndb4 13. Nce4 O-O 14. Qh3 h6 15. Nh7
Nd5 16. Bxh6 Nxd4 17. Bxc4 bxc4 18. Bxg7 Kxg7 19. Nef6 Nf4 20. Qh4 Nde2+ 21.
Kh1 Qc6 22. f3 Rh8 23. Rae1 Bb7 24. Qf2 Rxh7 25. Nxh7 Kxh7 26. Rxe2 Nxe2 27.
Qxe2 c3 28. Qf2 cxb2 29. Qxb2 Qb5 30. Qa1 c5 31. Rb1 Qd7 32. Qc3 Rc8 33. Qe1
Kg8 34. Rd1 Qa4 35. Qe2 Bd5 36. Ra1 Kf8 37. Qd2 Kg7 38. a3 Qd4 39. Qe1 Rh8 40.
Rb1 Rh5 41. Rb6 Bc4 42. Qc1 Rxe5 43. Rb1 Rh5 44. Rb6 Bb5 45. Rb7 Qf2 46. Qa1+
e5 47. Qg1 Qxg1+ 48. Kxg1 Rh4 49. Re7 Kf6 50. Rc7 Rc4 51. Rb7 Rc3 52. a4 Rc1+
53. Kf2 Rc2+ 54. Kg1 Bxa4 55. Rb6+ Kg5 56. Rxa6 Bb5 57. Rd6 Kf4 58. Rf6+ Ke3
59. h4 Bc4 60. Kh2 Bf1 61. Rxf7 Rxg2+ 62. Kh1 Rg3 63. Ra7 Kf2 64. Ra2+ Kxf3 65.
Ra3+ Kf2 66. Ra2+ Be2 67. Kh2 Rg2+ 68. Kh3 c4 69. Rb2 Kg1 70. Rb1+ Bf1 71. h5
c3 72. Kh4 g5+ 73. Kh3 Kf2 74. Rxf1+ Kxf1 75. h6 c2 76. h7 c1=Q 77. h8=Q Qc3#
0-1